A PRACTICAL MANUAL OF PHARMACOTHERAPEUTICS (Record no. 31310)

MARC details
000 -LEADER
fixed length control field 00407nam a22001577a 4500
003 - CONTROL NUMBER IDENTIFIER
control field SGT
020 ## - INTERNATIONAL STANDARD BOOK NUMBER
International Standard Book Number 9781503346008
082 ## - DEWEY DECIMAL CLASSIFICATION NUMBER
Classification number 615.58
Item number U22P
100 ## - MAIN ENTRY--PERSONAL NAME
Personal name USMAN, RAGEEB.MD
245 ## - TITLE STATEMENT
Title A PRACTICAL MANUAL OF PHARMACOTHERAPEUTICS
260 ## - PUBLICATION, DISTRIBUTION, ETC. (IMPRINT)
Place of publication, distribution, etc PUNJAB
Name of publisher, distributor, etc S. VIKASH AND COMPANY
Year of Publication 2022
300 ## - PAGE DESCRIPTION
No. of Pages 135
650 ## - SUBJECT ADDED ENTRY--TOPICAL TERM
Topical term or geographic name as entry element PHARMACY
653 ## - KEYWORDS--INDEX TERM
Keyword term PRACTICAL, MANUAL , PHARMACOTHERAPEUTICS
942 ## - ADDED ENTRY ELEMENTS (KOHA)
Source of classification or shelving scheme Dewey Decimal Classification
Koha item type Gifted Books
Holdings
Withdrawn status Lost status Source of classification or shelving scheme Damaged status Use restrictions Not for loan Collection code Home library Current library Shelving location Date acquired Vendor Name Cost, normal purchase price SGTU Total Checkouts Full call number Accession No. (Barcode) Date last seen Bill Date Koha item type
    Dewey Decimal Classification   Restricted Access   PHARMACY SGT FA-FP Library SGT FA-FP Library Text Book 11/06/2025 Dr.V. Bhalla 195.00 SGTU   615.58 U22P FP5267G 11/06/2025 11/06/2025 Gifted Books